Návrh opatrení na zefektívnenie vychystávania materiálu v spoločnosti DATALOGIC SLOVAKIA, s.r.o.
Salvato in:
| Autore principale: | |
|---|---|
| Altri autori: | |
| Natura: | Manoscritto Libro |
| Lingua: | slovacco |
| Pubblicazione: |
2020
|
| Soggetti: | |
| Accesso online: | http://is.stuba.sk/zp/portal_zp.pl?podrobnosti=151024 |
| Tags: |
Nessun Tag, puoi essere il primo ad aggiungerne!!
|
MARC
| LEADER | 00000ntm a22000003a 4500 | ||
|---|---|---|---|
| 001 | stuzp78454 | ||
| 003 | SK-STU | ||
| 005 | 20200718210921.8 | ||
| 007 | ta | ||
| 008 | 150427s2015----xo-----f-mn---000-0-slo-d | ||
| 040 | |a STU |b slo | ||
| 041 | 0 | |a slo | |
| 100 | 1 | |a Raška, Adam |u 064000 |4 aut |U MTF Materiálovotechnologická fakulta |T MTF Ústav priemyselného inžinierstva a manažmentu |X 91537 |U M4000 |Y 84 |7 91537 | |
| 242 | 0 | 1 | |a Proposal of measures to improve the material picking in the company DATALOGIC SLOVAKIA, s.r.o. |y eng |
| 245 | 1 | 0 | |a Návrh opatrení na zefektívnenie vychystávania materiálu v spoločnosti DATALOGIC SLOVAKIA, s.r.o. |
| 260 | |c 2020 | ||
| 650 | 4 | |a logistika |2 slo | |
| 650 | 4 | |a skladovanie |2 slo | |
| 650 | 4 | |a Kitting |2 slo | |
| 650 | 4 | |a vychystávanie materiálu |2 slo | |
| 650 | 4 | |a Spaghetti diagram |2 slo | |
| 650 | 4 | |a logistics |2 eng | |
| 650 | 4 | |a storage |2 eng | |
| 650 | 4 | |a Kitting |2 eng | |
| 650 | 4 | |a material picking |2 eng | |
| 650 | 4 | |a Spaghetti diagram |2 eng | |
| 700 | 1 | |a Horňáková, Natália |u 064000 |k Z1 |4 ths |U MTF Materiálovotechnologická fakulta |T MTF Ústav priemyselného inžinierstva a manažmentu |X 38384 |U M4000 |Y 84 |7 A000038384 | |
| 856 | 4 | |u http://is.stuba.sk/zp/portal_zp.pl?podrobnosti=151024 | |
| 996 | |c M* BP-8957 |l MMSKP |s P |a 0 |w stuzp78454_0001 | ||